000
00252nam a22001097a 4500
003
OSt
008
231115b |||||||| |||| 00| 0 eng d
041
_a
mal
100
_a
Bhaskara Panicker
_9
5645
245
_a
Kuttikalude nakshathrasasthram /
942
_c
BK
999
_c
17883
_d
17883